000 01264cab a2200457 4500
001 ABS53947
008 090401t1995 xxu||||| |||| 00| 0 eng d
035 _a(Sirsi) u7594
041 _aeng
245 _aEstates Times retail review
260 _c1995
300 _aLOAN
350 _a0
490 _aEstates Times
_vRetail Review 27 October 1995, (50)
650 _aAIRPORTS
650 _aCONSUMER SPENDING
650 _aCROSS-BORDER RETAILING
650 _aDISCOUNT RETAILING
650 _aEUROPE
650 _aEUROPEAN LEASES
650 _aFACTORY OUTLETS
650 _aFOOD RETAILING
650 _aFRANCHISING
650 _aINVESTMENT MARKET
650 _aLEASE REFORM
650 _aLEISURE PARKS
650 _aPLANNING POLICY
650 _aPLANNING POLICY GUIDANCE NOTE 13
650 _aPLANNING POLICY GUIDANCE NOTE SIX
650 _aPROPERTY-COMMERCIAL PROPERTY-RETAIL PROPERTY-RETAIL PROPERTY MARKET
650 _aRETAIL PARKS
650 _aRETAILING
650 _aSHOPPING CENTRES
650 _aTHEMED RESTAURANTS
650 _aTOWN CENTRE MANAGEMENT
650 _aTOWN CENTRES
650 _aTWO-TIER MARKET
690 _aPROPERTY-COMMERCIAL PROPERTY-RETAIL PROPERTY
942 _n0
948 _c04/03/1997
999 _c4610
_d4610